| 000 | 01192nam a22003017a 4500 | ||
|---|---|---|---|
| 001 | BD-DhSAU 9278 | ||
| 003 | BD-DhSAU | ||
| 005 | 20220901124119.0 | ||
| 008 | 150613b2021 bg ad||| m||| 00| 0 eng d | ||
| 040 | _aBD-DhSAU | ||
| 082 |
_222 _a631.4 _bM86 |
||
| 100 |
_aMou, Mst. Zenia Sultana _eRegistration # 19-10104 |
||
| 245 |
_aEffect of vermicompost and salinity on growth and yield performance of tomato (BARI tomato 18) / _bMS thesis _cMst. Zenia Sultana Mou |
||
| 260 |
_aSher-e-Bangla Agricultural University : _bDepartment of Soil Science, _cJune, 2021 |
||
| 300 |
_aviii, 61 p. : _bill. chart ; _c30 cm. |
||
| 500 | _aMS thesis of Department of Soil Science, Faculty of Agriculture, Sher-e-Bangla Agricultural University, Dhaka, Bangladesh | ||
| 504 | _aIncludes bibliographical reference. | ||
| 590 | _aKobir | ||
| 650 | _aSoil Science | ||
| 650 | _aVermicompost | ||
| 650 | _aSalinity | ||
| 650 | _aTomato | ||
| 650 | _aBARI Tomato-18 | ||
| 700 |
_aBhuiyan, Mohammad Saiful Islam _eSuperviser |
||
| 700 |
_aJahan, Mst. Afrose _eCo-superviser |
||
| 856 | _uhttp://archive.saulibrary.edu.bd:8080/xmlui/handle/123456789/4122 | ||
| 942 |
_2ddc _cTHESIS |
||
| 999 |
_c15974 _d15973 |
||